Normal view
MARC view
- Kirkland, K.D.
Entry Personal Name
001 - CONTROL NUMBER
- control field: 33655
003 - CONTROL NUMBER IDENTIFIER
- control field: OSt
005 - DATE AND TIME OF LATEST TRANSACTION
- control field: 20190108100716.0
008 - FIXED-LENGTH DATA ELEMENTS
- fixed length control field: 190108|| aca||aabn | a|a d
040 ## - CATALOGING SOURCE
- Original cataloging agency: OSt
- Transcribing agency: OSt
100 ## - HEADING--PERSONAL NAME
- Personal name: Kirkland, K.D.
670 ## - SOURCE DATA FOUND
- Source citation: Work cat.: (OSt): Kirkland, K.D., America's premier gunmakers Remington /, 2011
